[Event "Nationale I"]
[Site "Noisy le Grand"]
[Date "2008.04.05"]
[Round "10"]
[White "Wenzel, Johannes"]
[Black "Barsov, Alexei"]
[Result "0-1"]
[WhiteElo "2113"]
[BlackElo "2480"]
[PlyCount "68"]
[EventDate "2008.??.??"]

1. Nf3 d5 2. c4 d4 3. g3 g6 4. Bg2 Bg7 5. O-O e5 6. d3 a5 7. Ne1 Ne7 8. Nc2 O-O
9. b4 axb4 10. Nxb4 Nd7 11. Nd2 Nc5 12. a4 Bd7 13. a5 c6 14. Nb3 Nxb3 15. Qxb3
Rxa5 16. Bg5 Re8 17. Nc2 Bc8 18. Bd2 Rxa1 19. Rxa1 Nf5 20. Ra8 Nd6 21. Ba5 Qf6
22. c5 Nb5 23. Bh3 Bd7 24. Rxe8+ Bxe8 25. Na3 Qe7 26. Bb4 Bd7 27. Nxb5 Bxh3 28.
Nd6 Be6 29. Qa3 Bf8 30. Qa8 Qg5 31. Ne4 Qc1+ 32. Kg2 Bf5 33. f3 Bxe4 34. fxe4
Qb2 0-1

[Event "Nationale I"]
[Site "Noisy le Grand"]
[Date "2008.04.05"]
[Round "10"]
[White "Karim, Ismael"]
[Black "Varlet, Nicolas"]
[Result "1-0"]
[WhiteElo "2366"]
[BlackElo "2123"]
[PlyCount "39"]
[EventDate "2008.??.??"]

1. e4 e6 2. d4 d5 3. Nc3 Bb4 4. exd5 exd5 5. Bd3 c5 6. dxc5 Bxc5 7. Bb5+ Nc6 8.
Qxd5 Qe7+ 9. Be3 Bxe3 10. Bxc6+ Kf8 11. fxe3 Nf6 12. Qd4 bxc6 13. O-O-O Bg4 14.
Nf3 h5 15. h3 Bxf3 16. gxf3 Re8 17. e4 h4 18. Rhg1 Nh5 19. Rg4 Ng3 20. Qxg7#
1-0

[Event "Nationale I"]
[Site "Noisy le Grand"]
[Date "2008.04.05"]
[Round "10"]
[White "Maleki, Manuel"]
[Black "Dourerassou, Jonathan"]
[Result "0-1"]
[WhiteElo "2197"]
[BlackElo "2394"]
[PlyCount "62"]
[EventDate "2008.??.??"]

1. Nf3 c5 2. c4 Nf6 3. Nc3 d5 4. cxd5 Nxd5 5. e4 Nb4 6. Bc4 Nd3+ 7. Ke2 Nf4+ 8.
Kf1 Ne6 9. a3 g6 10. b4 Bg7 11. Bb2 cxb4 12. axb4 Nc6 13. Qb3 O-O 14. Nd5 Ned4
15. Nxd4 Nxd4 16. Qd3 e5 17. f4 Be6 18. fxe5 Nc6 19. Qg3 Nxb4 20. Qb3 Nc6 21.
d4 Na5 22. Rxa5 Qxa5 23. Ne7+ Kh8 24. d5 Qd2 25. Qc3 Qd1+ 26. Qe1 Qc2 27. Qc1
Qxe4 28. dxe6 fxe6+ 29. Kg1 Bh6 30. Nxg6+ Qxg6 31. Qe1 Qb1 0-1

[Event "Nationale I"]
[Site "Noisy le Grand"]
[Date "2008.04.05"]
[Round "10"]
[White "Marechal, Andy"]
[Black "Sally, Paul Adrien"]
[Result "0-1"]
[WhiteElo "2302"]
[BlackElo "1944"]
[PlyCount "68"]
[EventDate "2008.??.??"]

1. e4 e6 2. d4 d5 3. Nd2 dxe4 4. Nxe4 Nf6 5. Bg5 Be7 6. Bxf6 Bxf6 7. Nf3 Nd7 8.
Qd2 O-O 9. O-O-O c6 10. h4 Qc7 11. Bd3 Be7 12. Qe3 Rd8 13. Neg5 Nf8 14. Rhe1
Bd6 15. Kb1 b6 16. Qe2 a5 17. g3 a4 18. c3 h6 19. Ne4 c5 20. a3 Bb7 21. g4 Bf4
22. g5 cxd4 23. Nxd4 Ra5 24. Rg1 Kh8 25. gxh6 Bxh6 26. Ng5 Qf4 27. Qh5 Rd7 28.
Bb5 Be4+ 29. Ka1 Bg6 30. Qe2 Rd8 31. Nc6 Rxd1+ 32. Rxd1 Ra8 33. Rg1 Qxh4 34.
Qf3 Qh5 0-1

[Event "Nationale I"]
[Site "Noisy le Grand"]
[Date "2008.04.05"]
[Round "10"]
[White "Legrand, Heloise"]
[Black "Mancini, Mario"]
[Result "0-1"]
[WhiteElo "2005"]
[BlackElo "2228"]
[PlyCount "102"]
[EventDate "2008.??.??"]

1. e4 c5 2. Nf3 d6 3. d4 cxd4 4. Nxd4 Nf6 5. Nc3 a6 6. Bc4 e6 7. Bb3 b5 8. f3
Nbd7 9. a3 Bb7 10. Be3 Nc5 11. Ba2 Be7 12. Qd2 O-O 13. O-O Rc8 14. Nce2 Qc7 15.
Rac1 d5 16. exd5 Nxd5 17. Bf2 Rfd8 18. Bg3 Bd6 19. Bxd5 Bxd5 20. Bxd6 Rxd6 21.
Qe3 Rcd8 22. b3 R6d7 23. Rfe1 g6 24. Qg5 Bb7 25. b4 Rd5 26. Qe3 Na4 27. Nb3 Nb6
28. Nc5 Nc4 29. Qc3 Bc6 30. Ng3 Rd2 31. Nge4 Bxe4 32. Nxe4 R2d4 33. Nf6+ Kg7
34. Ng4 Qb6 35. h3 f6 36. Ne3 e5 37. Kh2 Nxe3 38. Qxe3 Qd6 39. Kg1 Rd7 40. Re2
Rc4 41. Kf2 h5 42. Ke1 Rd4 43. Kf2 h4 44. Qb3 Rc7 45. c3 Rd3 46. Qb2 Qd5 47.
Rcc2 Rd7 48. Qc1 g5 49. Re3 Rd1 50. Qb2 Qc4 51. Ree2 Qf4 0-1

[Event "Nationale I"]
[Site "Noisy le Grand"]
[Date "2008.04.06"]
[Round "11"]
[White "Murey, Jacob"]
[Black "Onkoud, Abdelaziz"]
[Result "1/2-1/2"]
[WhiteElo "2415"]
[BlackElo "2396"]
[PlyCount "87"]
[EventDate "2008.??.??"]

1. e4 c5 2. Nf3 d6 3. d4 cxd4 4. Nxd4 Nf6 5. Nc3 g6 6. Be3 Bg7 7. f3 O-O 8. Qd2
Nc6 9. Bc4 Bd7 10. O-O-O Qa5 11. h4 Rfc8 12. Bb3 Ne5 13. h5 Rxc3 14. Qxc3 Qxc3
15. bxc3 Nxh5 16. g4 Nf6 17. Bg5 Rc8 18. Kb2 Nxf3 19. Bxf6 Bxf6 20. Nxf3 Bxg4
21. Rd3 h5 22. Rf1 Kg7 23. Re3 Rc5 24. Rfe1 g5 25. e5 dxe5 26. Nxe5 Bxe5 27.
Rxe5 Rxe5 28. Rxe5 Kf6 29. Re3 e6 30. Bc4 Kf5 31. Kc1 Kf4 32. Kd2 h4 33. Be2
Bxe2 34. Rxe2 g4 35. Rf2+ Kg3 36. Rxf7 h3 37. Rxb7 h2 38. Rh7 Kg2 39. c4 h1=Q
40. Rxh1 Kxh1 41. c5 g3 42. c6 g2 43. c7 g1=Q 44. c8=Q 1/2-1/2

[Event "Nationale I"]
[Site "Noisy le Grand"]
[Date "2008.04.06"]
[Round "11"]
[White "Mayaud, Raphael"]
[Black "Nguyen, Thanh Tong"]
[Result "1/2-1/2"]
[WhiteElo "2201"]
[BlackElo "2310"]
[PlyCount "102"]
[EventDate "2008.??.??"]

1. e4 c5 2. Nc3 Nc6 3. g3 g6 4. Bg2 Bg7 5. Nge2 Rb8 6. O-O b5 7. d3 b4 8. Nd5
e6 9. Ne3 Nge7 10. f4 f5 11. e5 d5 12. a3 a5 13. axb4 axb4 14. c4 d4 15. Nc2
Bb7 16. Bd2 Qb6 17. Nc1 O-O 18. Nb3 Ra8 19. Qe2 Rfb8 20. Rxa8 Rxa8 21. Ra1
Rxa1+ 22. Ncxa1 Bf8 23. Nc2 Nc8 24. Qf1 Be7 25. Qa1 Kf7 26. Ne1 h6 27. h4 g5
28. hxg5 hxg5 29. g4 gxf4 30. Bxf4 fxg4 31. Qd1 Qd8 32. Qxg4 Qg8 33. Qxg8+ Kxg8
34. Nf3 Nb6 35. Ng5 Bxg5 36. Bxg5 Na4 37. Bxc6 Bxc6 38. Be7 Nxb2 39. Nxc5 Kf7
40. Bd6 Bf3 41. Kf2 Bd1 42. Ke1 Bc2 43. Kd2 b3 44. Bc7 Nd1 45. Na4 Nf2 46. Nb2
Ng4 47. Bb6 Nxe5 48. Bxd4 Nc6 49. Kc3 e5 50. Bb6 Ke6 51. Be3 Kf5 1/2-1/2

[Event "Nationale I"]
[Site "Noisy le Grand"]
[Date "2008.04.06"]
[Round "11"]
[White "Haik, Aldo"]
[Black "Roman, Dimitri"]
[Result "1-0"]
[WhiteElo "2379"]
[BlackElo "2092"]
[PlyCount "85"]
[EventDate "2008.??.??"]

1. d4 Nf6 2. c4 d6 3. Nc3 Nbd7 4. g3 c6 5. Bg2 e5 6. e3 Qc7 7. Nge2 Be7 8. O-O
O-O 9. b3 Re8 10. Bb2 Nf8 11. d5 Bd7 12. Qd2 c5 13. f4 exf4 14. gxf4 Ng6 15.
Ng3 Ng4 16. h4 Nh6 17. Nh5 Nf5 18. e4 Nd4 19. f5 Ne5 20. f6 g6 21. fxe7 gxh5
22. Ne2 Nxe2+ 23. Qxe2 Rxe7 24. Qxh5 f6 25. Rxf6 Be8 26. Qh6 Bg6 27. Raf1 Rg7
28. Kh2 Qe7 29. Bc3 Re8 30. Re6 Qd7 31. Rff6 Rxe6 32. Rxe6 Qf7 33. Rxe5 dxe5
34. Bxe5 Bxe4 35. Qxg7+ Qxg7 36. Bxg7 Bb1 37. Be5 Kf7 38. Bb8 Bxa2 39. d6 Ke6
40. Bxb7 Kd7 41. Be4 Bxb3 42. Bf5+ Ke8 43. d7+ 1-0

[Event "Nationale I"]
[Site "Noisy le Grand"]
[Date "2008.04.06"]
[Round "11"]
[White "Reilhac, Philippe"]
[Black "Battaglini, Gabriel"]
[Result "1-0"]
[WhiteElo "2067"]
[BlackElo "2356"]
[PlyCount "100"]
[EventDate "2008.??.??"]

1. e4 e6 2. d4 d5 3. exd5 exd5 4. Nf3 Bd6 5. Be2 Ne7 6. O-O Nbc6 7. c3 Bf5 8.
Re1 Qd7 9. Nbd2 O-O-O 10. b4 Ng6 11. Nf1 Nf4 12. Bxf4 Bxf4 13. Nh4 Be6 14. Ng3
g5 15. Nhf5 h5 16. Ng7 Bxg3 17. hxg3 g4 18. Bd3 Kb8 19. Nxe6 fxe6 20. Bb5 a6
21. Bd3 Rh6 22. b5 axb5 23. Bxb5 Rdh8 24. Rb1 h4 25. gxh4 Rxh4 26. Kf1 Rf8 27.
Qd3 Qf7 28. Qg3 Qh7 29. Bd3 Qh6 30. Ke2 Qf6 31. Rh1 Rxh1 32. Rxh1 e5 33. Rh7
Qd6 34. Qxg4 exd4 35. cxd4 Qb4 36. Qg7 Nxd4+ 37. Kf1 Ne6 38. Qe5 Qd2 39. Qe2
Rxf2+ 40. Kxf2 Qf4+ 41. Kg1 Qd4+ 42. Qf2 Qa1+ 43. Kh2 b6 44. Qf5 Nc5 45. Qxd5
Qf6 46. Rf7 Qh4+ 47. Kg1 Qe1+ 48. Bf1 Qe3+ 49. Rf2 Ne4 50. Qf5 c5 1-0

[Event "Nationale I"]
[Site "Noisy le Grand"]
[Date "2008.04.06"]
[Round "11"]
[White "Piot, Olivier"]
[Black "Martenet, Jean Baptiste"]
[Result "1-0"]
[WhiteElo "2247"]
[BlackElo "2054"]
[PlyCount "71"]
[EventDate "2008.??.??"]

1. d4 Nf6 2. c4 e6 3. Nc3 Bb4 4. e3 b6 5. Nge2 Bb7 6. a3 Be7 7. d5 d6 8. g3 e5
9. Bg2 O-O 10. O-O Nbd7 11. b3 a5 12. Bb2 Nc5 13. Qc2 Qd7 14. Rad1 Rfe8 15. h3
Bf8 16. Kh2 g6 17. f4 Bg7 18. f5 g5 19. e4 h6 20. Bc1 Kh7 21. Be3 Na6 22. Nb5
Qe7 23. Qd2 Red8 24. Nec3 Bc8 25. Ra1 Bd7 26. Ra2 Bxb5 27. Nxb5 Nc5 28. Qc2 a4
29. b4 Nb3 30. Rd1 Rdc8 31. Qd3 Ne8 32. Bf3 c6 33. dxc6 Rxc6 34. Nc3 Nd4 35.
Bxd4 exd4 36. e5 1-0

[Event "Nationale I"]
[Site "Noisy le Grand"]
[Date "2008.04.06"]
[Round "11"]
[White "David, Vincent"]
[Black "Komarov, Dimitri"]
[Result "1/2-1/2"]
[WhiteElo "2386"]
[BlackElo "2536"]
[PlyCount "40"]
[EventDate "2008.??.??"]

1. d4 d5 2. c4 c6 3. Nc3 Nf6 4. e3 e6 5. Nf3 Nbd7 6. Bd3 dxc4 7. Bxc4 b5 8. Bd3
Bb7 9. e4 b4 10. Na4 c5 11. e5 Nd5 12. O-O h6 13. Re1 a6 14. Qe2 N5b6 15. Nxc5
Nxc5 16. dxc5 Bxc5 17. Be3 Bxe3 18. Qxe3 Nd5 19. Qe4 Qb6 20. Nd2 Ne7 1/2-1/2

[Event "Nationale I"]
[Site "Noisy le Grand"]
[Date "2008.04.06"]
[Round "11"]
[White "Todorov, Todor"]
[Black "Do, Huu Thi"]
[Result "1-0"]
[WhiteElo "2505"]
[BlackElo "2171"]
[PlyCount "151"]
[EventDate "2008.??.??"]

1. e4 e5 2. Nf3 d6 3. d4 exd4 4. Qxd4 a6 5. Bg5 Nf6 6. Nc3 Nc6 7. Qd2 Be7 8.
O-O-O Be6 9. h4 O-O 10. Bd3 Nb4 11. Nd4 c5 12. Nxe6 fxe6 13. Bc4 Qc8 14. Bxf6
Rxf6 15. e5 dxe5 16. Qd7 Qxd7 17. Rxd7 b5 18. Rxe7 bxc4 19. Ne4 Rf4 20. f3
Nxa2+ 21. Kb1 Nb4 22. Nxc5 c3 23. Nxe6 Rc4 24. b3 Rd4 25. Nxd4 exd4 26. Rd7 d3
27. cxd3 Re8 28. Rc1 c2+ 29. Kb2 Re2 30. Rd4 a5 31. Rxb4 axb4 32. Rxc2 Re1 33.
Rc4 Re2+ 34. Kc1 Rxg2 35. Rxb4 Kf7 36. Rf4+ Ke6 37. Rg4 Rh2 38. b4 h5 39. Re4+
Kd5 40. Kd1 Rf2 41. Rf4 Ke5 42. Ke1 Rb2 43. Rc4 g6 44. Re4+ Kd5 45. b5 Rxb5 46.
Kf2 Kd6 47. f4 Rb2+ 48. Re2 Rb1 49. Kf3 Kd5 50. Rg2 Rb6 51. Rg5+ Kd4 52. f5 Rf6
53. Rxg6 Rxf5+ 54. Ke2 Rf4 55. Ra6 Kc3 56. Rc6+ Kb4 57. Ke3 Rxh4 58. Rc1 Rg4
59. d4 Rg8 60. d5 h4 61. Kd4 Rg4+ 62. Ke5 Rg5+ 63. Ke6 h3 64. d6 h2 65. d7 Rg1
66. d8=Q Rxc1 67. Qb8+ Kc3 68. Qxh2 Re1+ 69. Kd5 Rd1+ 70. Kc5 Rd2 71. Qg3+ Kb2
72. Kc4 Rc2+ 73. Kb4 Ka2 74. Qe5 Rc1 75. Qe2+ Ka1 76. Kb3 1-0

[Event "Nationale I"]
[Site "Noisy le Grand"]
[Date "2008.04.06"]
[Round "11"]
[White "Demuth, Adrien"]
[Black "Legky, Nikolay A"]
[Result "1-0"]
[WhiteElo "2270"]
[BlackElo "2471"]
[PlyCount "83"]
[EventDate "2008.??.??"]

1. d4 d5 2. c4 e6 3. Nc3 a6 4. Nf3 Nf6 5. Bg5 dxc4 6. e4 b5 7. a4 b4 8. Nb1 Bb7
9. e5 h6 10. Be3 Nd5 11. Bxc4 c5 12. O-O Nd7 13. Nbd2 Nxe3 14. fxe3 Be7 15. a5
O-O 16. Qe2 Qb8 17. Nb3 Qa7 18. Rad1 Rac8 19. Kh1 Qa8 20. Nfd2 Bg5 21. Rf2 Bd5
22. Bxa6 c4 23. Bxc4 Bxc4 24. Nxc4 Qd5 25. Nbd2 b3 26. Rff1 Rc7 27. Qd3 Rfc8
28. Nb6 Nxb6 29. axb6 Rb7 30. e4 Qd8 31. Nc4 Rxb6 32. Nxb6 Qxb6 33. Rf3 Rc1 34.
Rxc1 Bxc1 35. Qc3 Bg5 36. Rd3 Qb7 37. d5 Qa7 38. Qxb3 Qf2 39. Rd1 Qe2 40. dxe6
fxe6 41. Qxe6+ Kh7 42. Qf5+ 1-0

[Event "Nationale I"]
[Site "Noisy le Grand"]
[Date "2008.04.06"]
[Round "11"]
[White "Voisembert, Alain"]
[Black "Berthelot, Yannick"]
[Result "0-1"]
[WhiteElo "2102"]
[BlackElo "2315"]
[PlyCount "92"]
[EventDate "2008.??.??"]

1. e4 c5 2. Nf3 Nc6 3. Bb5 e6 4. c3 Nge7 5. d4 cxd4 6. cxd4 d5 7. e5 Nf5 8. Nc3
Bd7 9. O-O Be7 10. Ba4 Qb6 11. Ne2 O-O-O 12. a3 Na5 13. Nc3 Bxa4 14. Nxa4 Qb3
15. Bd2 Qxd1 16. Raxd1 Nc6 17. Bf4 h5 18. b4 b6 19. Nc3 Kb7 20. Ne2 Rc8 21. Rc1
Rc7 22. Rc2 Rhc8 23. Rfc1 b5 24. Bd2 Nb8 25. Rxc7+ Rxc7 26. Rxc7+ Kxc7 27. Ne1
Nc6 28. Nc2 Kd7 29. f3 Bd8 30. Kf2 Bb6 31. Be3 Nxe3 32. Kxe3 Nxe5 33. Kf4 Nc6
34. g4 Bc7+ 35. Kg5 hxg4 36. f4 Ne7 37. Kxg4 Bb6 38. Ng3 Nc6 39. Ne2 g6 40. h4
Bd8 41. h5 f5+ 42. Kg3 gxh5 43. Ng1 Be7 44. Nf3 a5 45. Ng5 axb4 46. axb4 Bxb4
0-1

[Event "Nationale I"]
[Site "Noisy le Grand"]
[Date "2008.04.06"]
[Round "11"]
[White "Salaun, Yann"]
[Black "Millet, Christophe"]
[Result "1-0"]
[WhiteElo "2319"]
[BlackElo "1874"]
[PlyCount "69"]
[EventDate "2008.??.??"]

1. d4 Nf6 2. c4 c5 3. d5 d6 4. Nc3 g6 5. e4 Bg7 6. Bd3 O-O 7. h3 e6 8. Nf3 exd5
9. cxd5 Re8 10. O-O Na6 11. Re1 Nc7 12. a4 a6 13. Bf4 Rb8 14. Qd2 b5 15. axb5
axb5 16. Bxd6 Qxd6 17. e5 Qb6 18. exf6 Rxe1+ 19. Rxe1 Qxf6 20. Ne4 Qb6 21. Qg5
Bf5 22. d6 Ne6 23. Nf6+ Bxf6 24. Qxf6 Qd8 25. Qxd8+ Rxd8 26. Bxb5 Rxd6 27. Bc4
Kg7 28. Kh2 Kf6 29. g4 Bc2 30. Kg3 g5 31. Re5 Bd1 32. Rf5+ Kg6 33. Ne5+ Kg7 34.
Rxf7+ Kh8 35. Rf6 1-0

[Event "Nationale I"]
[Site "Noisy le Grand"]
[Date "2008.04.06"]
[Round "11"]
[White "Lefevre, Margaux"]
[Black "Marchais, Aurelie"]
[Result "1-0"]
[WhiteElo "1968"]
[BlackElo "1779"]
[PlyCount "73"]
[EventDate "2008.??.??"]

1. e4 c6 2. d4 d5 3. e5 Bf5 4. Nf3 e6 5. Be2 Nd7 6. O-O Ne7 7. b3 c5 8. c3 Nc6
9. Be3 Be7 10. a3 O-O 11. Bd3 Bxd3 12. Qxd3 cxd4 13. cxd4 f6 14. exf6 Bxf6 15.
Nc3 a6 16. Rfe1 Nb6 17. Rac1 Qd6 18. a4 Nb4 19. Qd2 Rae8 20. a5 Nd7 21. Na4 b6
22. axb6 Nxb6 23. Nc5 Nc6 24. Nxa6 e5 25. dxe5 Nxe5 26. Nd4 Ng4 27. Bf4 Be5 28.
Bxe5 Rxe5 29. Rxe5 Qxe5 30. Nf3 Qd6 31. Nb4 Ra8 32. h3 Ne5 33. Nxe5 Qxe5 34. f4
Qf6 35. Nxd5 Qd6 36. Rd1 Ra5 37. Qxa5 1-0

[Event "Nationale I"]
[Site "Noisy le Grand"]
[Date "2008.04.06"]
[Round "11"]
[White "Picard, Romain"]
[Black "Cossin, Sebastien"]
[Result "1/2-1/2"]
[WhiteElo "2368"]
[BlackElo "2451"]
[PlyCount "102"]
[EventDate "2008.??.??"]

1. e4 c5 2. Nf3 d6 3. d4 cxd4 4. Nxd4 Nf6 5. Nc3 a6 6. Be2 e5 7. Nb3 Be7 8. O-O
O-O 9. Kh1 Nc6 10. f4 exf4 11. Bxf4 Be6 12. Nd4 Nxd4 13. Qxd4 Qc7 14. Rad1 Rad8
15. Rd2 Qc8 16. Qb4 b5 17. a4 Qb7 18. Bxd6 Rxd6 19. Rxd6 Bxd6 20. Qxd6 bxa4 21.
e5 Ne4 22. Nxe4 Qxe4 23. Bd3 Qa8 24. Qd4 Qc6 25. h3 g6 26. Kh2 Rb8 27. Ra1 Bd5
28. Qxa4 Qxa4 29. Rxa4 Rxb2 30. Rxa6 Kf8 31. Ra5 Bc6 32. Rc5 Rb6 33. g4 Ke7 34.
Kg3 Bd7 35. Bc4 g5 36. e6 Bxe6 37. Bxe6 Kxe6 38. Rxg5 Rc6 39. Rh5 Rxc2 40. Rh6+
Ke5 41. Rh5+ Kf6 42. Rxh7 Rc3+ 43. Kh4 Kg6 44. Rh5 f6 45. Ra5 Rb3 46. Ra1 Rc3
47. Rg1 Rb3 48. Rg3 Rxg3 49. Kxg3 f5 50. Kf4 fxg4 51. hxg4 Kf6 1/2-1/2

[Event "Nationale I"]
[Site "Noisy le Grand"]
[Date "2008.04.06"]
[Round "11"]
[White "Belkhodja, Slim"]
[Black "Bedouin, Xavier"]
[Result "1/2-1/2"]
[WhiteElo "2484"]
[BlackElo "2369"]
[PlyCount "45"]
[EventDate "2008.??.??"]

1. e4 e5 2. Nf3 Nf6 3. d3 Nc6 4. Be2 d5 5. exd5 Nxd5 6. O-O Bd6 7. Nbd2 Nf4 8.
Nc4 Nxe2+ 9. Qxe2 Bg4 10. Qe4 Bxf3 11. Qxf3 O-O 12. Bd2 Re8 13. Bc3 Bc5 14.
Rae1 Bd4 15. Bxd4 Qxd4 16. Re4 Qd7 17. Rfe1 Nd4 18. Qd1 f6 19. c3 Ne6 20. d4
Ng5 21. R4e3 exd4 22. cxd4 Rxe3 23. Nxe3 1/2-1/2

[Event "Nationale I"]
[Site "Noisy le Grand"]
[Date "2008.04.06"]
[Round "11"]
[White "Inkiov, Ventzislav"]
[Black "Barsov, Alexei"]
[Result "0-1"]
[WhiteElo "2446"]
[BlackElo "2480"]
[PlyCount "96"]
[EventDate "2008.??.??"]

1. e4 e6 2. d4 d5 3. e5 c5 4. c3 Nc6 5. Nf3 Bd7 6. Be2 Rc8 7. O-O a6 8. Na3
cxd4 9. cxd4 Nge7 10. Nc2 Na7 11. a4 Nec6 12. Bd3 h6 13. h4 Na5 14. Ne3 N7c6
15. Bd2 Qb6 16. b4 Nxb4 17. Rb1 Nac6 18. Nc2 a5 19. h5 Qd8 20. Nxb4 Nxb4 21.
Bxb4 Bxb4 22. Nh2 Rc3 23. Ng4 Qh4 24. Be2 O-O 25. f4 Rfc8 26. Rb3 Qg3 27. Rxc3
Rxc3 28. Bf3 Ra3 29. Qe2 Qxf4 30. Qf2 Bc3 31. Qh4 Qg5 32. Qf2 Rxa4 33. Rd1 Ra1
34. Rxa1 Bxa1 35. g3 Qc1+ 36. Kg2 Qb2 37. Be2 Qxd4 38. Qf1 Bc3 39. Kh3 Bb4 40.
Bd3 a4 41. Bb1 a3 42. Bh7+ Kf8 43. Nxh6 gxh6 44. Qf6 a2 45. Qh8+ Ke7 46. Qf6+
Ke8 47. Bg8 Be7 48. Bxf7+ Kd8 0-1

[Event "Nationale I"]
[Site "Noisy le Grand"]
[Date "2008.04.06"]
[Round "11"]
[White "Dourerassou, Jonathan"]
[Black "Bonno, Pel"]
[Result "1-0"]
[WhiteElo "2394"]
[BlackElo "2288"]
[PlyCount "85"]
[EventDate "2008.??.??"]

1. e4 d6 2. d4 g6 3. Nc3 Bg7 4. f4 a6 5. Nf3 b5 6. Bd3 Nd7 7. Qe2 c5 8. e5 cxd4
9. Be4 dxc3 10. Bxa8 Nh6 11. b3 O-O 12. O-O Qc7 13. Kh1 Nc5 14. b4 Be6 15. Rd1
Rxa8 16. bxc5 Qxc5 17. Be3 Qc7 18. Bd4 dxe5 19. Bxe5 Bxe5 20. Nxe5 Rc8 21. a4
Nf5 22. axb5 axb5 23. Qxb5 Ne3 24. Rd3 Nxc2 25. Rc1 Qa7 26. Qb1 Ne3 27. Rdxc3
Rxc3 28. Rxc3 Qd4 29. Qd3 Qxd3 30. Rxd3 Nd5 31. g3 Kg7 32. Kg1 h6 33. Kf2 Kf6
34. Nf3 g5 35. Rd4 gxf4 36. gxf4 Kf5 37. Nh4+ Kf6 38. f5 Bxf5 39. Rxd5 e5 40.
Nf3 e4 41. Nd4 Bg6 42. Ke3 Ke7 43. Kf4 1-0

[Event "Nationale I"]
[Site "Noisy le Grand"]
[Date "2008.04.06"]
[Round "11"]
[White "Picard, Clement"]
[Black "Karim, Ismael"]
[Result "1/2-1/2"]
[WhiteElo "2190"]
[BlackElo "2366"]
[PlyCount "84"]
[EventDate "2008.??.??"]

1. e4 c6 2. d4 d5 3. Nc3 dxe4 4. Nxe4 Bf5 5. Ng3 Bg6 6. Nf3 Nd7 7. h4 h6 8. h5
Bh7 9. Bd3 Bxd3 10. Qxd3 e6 11. Bd2 Qc7 12. O-O-O Ngf6 13. Ne4 O-O-O 14. g3
Nxe4 15. Qxe4 Nf6 16. Qe2 Rd5 17. Bf4 Bd6 18. Bxd6 Rxd6 19. Ne5 Rhd8 20. c3 c5
21. dxc5 Rxd1+ 22. Rxd1 Rxd1+ 23. Kxd1 Qxc5 24. Nxf7 Qd5+ 25. Kc1 Qxa2 26. Ne5
Qa1+ 27. Kc2 Qa4+ 28. Kc1 Qe4 29. Qxe4 Nxe4 30. Ng4 Kd7 31. Kd1 Kd6 32. Ke2 a5
33. Kd3 Nc5+ 34. Kc4 Na4 35. b3 Nc5 36. b4 axb4 37. Kxb4 Na6+ 38. Kc4 Nc7 39.
Kd4 Nb5+ 40. Kc4 Nc7 41. Kd4 Nb5+ 42. Kc4 Nc7 1/2-1/2

[Event "Nationale I"]
[Site "Noisy le Grand"]
[Date "2008.04.06"]
[Round "11"]
[White "Marechal, Andy"]
[Black "Saada, Julien"]
[Result "1/2-1/2"]
[WhiteElo "2302"]
[BlackElo "2286"]
[PlyCount "101"]
[EventDate "2008.??.??"]

1. e4 c6 2. d4 d5 3. Nc3 dxe4 4. Nxe4 Bf5 5. Ng3 Bg6 6. h4 h6 7. Nh3 e6 8. Nf4
Bh7 9. Bc4 Nf6 10. c3 Nd5 11. Qg4 Nd7 12. Ngh5 Rg8 13. Bd2 N7f6 14. Nxf6+ Nxf6
15. Qe2 Be7 16. O-O-O Qc7 17. Bd3 Bxd3 18. Nxd3 O-O-O 19. Kb1 Kb8 20. g3 Ka8
21. Rhe1 Rge8 22. Qf3 Rf8 23. Bf4 Qa5 24. Ne5 Nd5 25. Bd2 Qb6 26. Ka1 Bf6 27.
Ng4 Be7 28. Ne5 c5 29. dxc5 Bxc5 30. Nd3 Be7 31. c4 Nb4 32. Bxb4 Bxb4 33. Nxb4
Qxb4 34. a3 Qe7 35. Rxd8+ Rxd8 36. Rd1 Rd7 37. Rxd7 Qxd7 38. Ka2 a6 39. Qc3 f6
40. Qb4 Qc7 41. Kb3 Ka7 42. Qd2 Qb6+ 43. Kc2 Kb8 44. b4 e5 45. Kc3 Qc6 46. Qd8+
Ka7 47. Qd3 Qh1 48. Qe3+ Kb8 49. Qc5 Qa1+ 50. Kb3 Qd1+ 51. Kc3 1/2-1/2

[Event "Nationale I"]
[Site "Noisy le Grand"]
[Date "2008.04.06"]
[Round "12"]
[White "Borzakian, Manouk"]
[Black "Mancini, Mario"]
[Result "0-1"]
[WhiteElo "2217"]
[BlackElo "2228"]
[PlyCount "94"]
[EventDate "2008.??.??"]

1. e4 e5 2. Nf3 Nc6 3. Bb5 a6 4. Bxc6 dxc6 5. O-O f6 6. d4 exd4 7. Nxd4 c5 8.
Ne2 Qxd1 9. Rxd1 Bd7 10. Be3 O-O-O 11. Nbc3 Bd6 12. Bf4 Bxf4 13. Nxf4 Ne7 14.
Rd2 Nc6 15. Rad1 Rhe8 16. f3 Be6 17. Rxd8+ Nxd8 18. Nxe6 Nxe6 19. Nd5 c6 20.
Ne3 Kc7 21. Kf2 b5 22. g3 c4 23. h4 Nc5 24. Rd2 Na4 25. Nd1 Nxb2 26. Nxb2 c3
27. Rd1 cxb2 28. Rb1 Rd8 29. Ke3 c5 30. Rxb2 Rd4 31. g4 Ra4 32. g5 Ra3+ 33. Kf4
c4 34. gxf6 gxf6 35. h5 Kd6 36. h6 Ke6 37. Rb1 Rxa2 38. Rg1 Rxc2 39. Rg7 Rh2
40. Rxh7 c3 41. Ra7 c2 42. Rxa6+ Kd7 43. Ra7+ Kc6 44. Ra1 b4 45. h7 b3 46. Rg1
Rxh7 47. Ke3 Rd7 0-1

[Event "Nationale I"]
[Site "Noisy le Grand"]
[Date "2008.04.06"]
[Round "11"]
[White "Griffe, Delphine"]
[Black "Boulan, Laura"]
[Result "0-1"]
[WhiteElo "1719"]
[BlackElo "1921"]
[PlyCount "82"]
[EventDate "2008.??.??"]

1. e4 d6 2. d4 e5 3. dxe5 dxe5 4. Qxd8+ Kxd8 5. Bc4 Ke8 6. Nf3 f6 7. Nc3 c6 8.
Be3 Nd7 9. O-O Bc5 10. Rfe1 Ne7 11. a3 Bxe3 12. Rxe3 Kd8 13. Rd1 Kc7 14. b4 a6
15. Red3 Ng6 16. Ne2 Nb6 17. Bb3 Bd7 18. Nd2 Rad8 19. Nb1 Bc8 20. a4 Rxd3 21.
Rxd3 Rd8 22. Rxd8 Kxd8 23. a5 Na8 24. Nbc3 Ke7 25. Na4 Nc7 26. Nc5 Nb5 27. Kf1
Nf8 28. Nc1 Nd4 29. Ba4 Nfe6 30. N1d3 Nxc5 31. Nxc5 Ne6 32. Nd3 Kd6 33. c3 c5
34. Bb3 cxb4 35. cxb4 Bd7 36. Bc4 Nd4 37. Nc5 Bc6 38. f3 Nc2 39. Ke2 Nxb4 40.
Nb3 Ba4 41. Kd2 Nc6 0-1

[Event "Nationale I"]
[Site "Noisy le Grand"]
[Date "2008.04.06"]
[Round "11"]
[White "Maleki, Manuel"]
[Black "Winants, Luc"]
[Result "1/2-1/2"]
[WhiteElo "2197"]
[BlackElo "2520"]
[PlyCount "102"]
[EventDate "2008.??.??"]

1. Nf3 d6 2. d4 Bg4 3. Nbd2 e6 4. g3 Nf6 5. Bg2 d5 6. O-O c6 7. c4 Nbd7 8. Qb3
Qb6 9. Re1 Qxb3 10. axb3 Bb4 11. Rd1 O-O 12. Nf1 Bf5 13. Ne3 Be4 14. Ne1 Bg6
15. Nd3 Bd6 16. Bd2 Bxd3 17. exd3 Rfd8 18. c5 Bc7 19. f4 g6 20. Kf2 Ne8 21. Bh3
h5 22. Ng2 Ng7 23. Ne1 f6 24. Nf3 Kf7 25. Re1 Nf8 26. Bg2 Re8 27. Ra4 Nf5 28.
Rea1 a6 29. Ba5 Bxa5 30. Rxa5 Ne7 31. R5a4 Nc8 32. h3 Na7 33. g4 Nd7 34. Re1
Nb5 35. g5 f5 36. Rea1 Ke7 37. Ke3 Reb8 38. Nh4 Kf7 39. Nf3 Nc7 40. Rb4 b5 41.
cxb6 Nb5 42. Rba4 Rxb6 43. b4 Nc7 44. Rc1 Rab8 45. Bf1 R8b7 46. Be2 Rxb4 47.
Rxb4 Rxb4 48. Rxc6 Nb5 49. Rxa6 Rxb2 50. Rc6 Ke7 51. Bd1 Rb4 1/2-1/2

[Event "Nationale I"]
[Site "Noisy le Grand"]
[Date "2008.04.06"]
[Round "11"]
[White "Gharamian, Tigran"]
[Black "Dieu, Bruno"]
[Result "1-0"]
[WhiteElo "2554"]
[BlackElo "2262"]
[PlyCount "53"]
[EventDate "2008.??.??"]

1. e4 e6 2. d4 d5 3. Nc3 Bb4 4. e5 c5 5. a3 Bxc3+ 6. bxc3 Qc7 7. Qg4 f5 8. Qg3
cxd4 9. cxd4 Ne7 10. Ne2 O-O 11. c3 Nbc6 12. h4 Na5 13. Nf4 Bd7 14. Rb1 Rac8
15. Rh3 Rf7 16. Be2 Nc4 17. Kf1 b5 18. Kg1 Qa5 19. Kh2 Nb6 20. Bh5 g6 21. Be2
Na4 22. Bd2 a6 23. h5 Rg7 24. hxg6 hxg6 25. Rh6 Kf7 26. Qg5 Rcg8 27. Nh5 1-0

[Event "Nationale I"]
[Site "Noisy le Grand"]
[Date "2008.04.06"]
[Round "11"]
[White "Wenzel, Johannes"]
[Black "Jossien, Arnaud"]
[Result "0-1"]
[WhiteElo "2113"]
[BlackElo "2393"]
[PlyCount "64"]
[EventDate "2008.??.??"]

1. Nf3 d6 2. d4 g6 3. c4 Bg7 4. e4 e5 5. Be3 Nc6 6. d5 Nce7 7. Nc3 f5 8. exf5
gxf5 9. g3 Nf6 10. h3 O-O 11. Qd2 f4 12. gxf4 Nh5 13. fxe5 Rxf3 14. Be2 Qf8 15.
O-O-O Bxe5 16. Rdg1+ Kh8 17. Bxf3 Qxf3 18. Qe2 Qf7 19. Rg5 Nf4 20. Qd2 Nxh3 21.
Rxe5 dxe5 22. c5 Bg4 23. Re1 Bf3 24. d6 cxd6 25. cxd6 Ng6 26. Bxa7 Bc6 27. Bb6
Nhf4 28. b3 Qf5 29. Re3 Nf8 30. Ne2 Nd7 31. Nxf4 Qxf4 32. Ba5 Qd4 0-1

[Event "Nationale I"]
[Site "Noisy le Grand"]
[Date "2008.04.06"]
[Round "11"]
[White "Carlier, Bruno"]
[Black "Menager, Erwan"]
[Result "1-0"]
[WhiteElo "2403"]
[BlackElo "2132"]
[PlyCount "41"]
[EventDate "2008.??.??"]

1. Nf3 Nf6 2. g3 g6 3. Bg2 Bg7 4. d4 d5 5. c4 O-O 6. cxd5 Nxd5 7. O-O Nc6 8. e4
Nb6 9. d5 Na5 10. Nc3 c6 11. dxc6 Nxc6 12. h3 h6 13. Qe2 e5 14. Rd1 Nd4 15.
Nxd4 exd4 16. Nb5 Be6 17. Nxd4 Bc4 18. Qe3 Qe7 19. b3 Ba6 20. Bb2 Rac8 21. a4
1-0